| 000 | 00445nam a2200181Ia 4500 | ||
|---|---|---|---|
| 008 | 180424s9999 xx 000 0 und d | ||
| 020 | _a132082233 | ||
| 084 | _a155.4 L3 | ||
| 100 | _a"Liebert, Robert M" | ||
| 245 | 0 | _aDevelopmental Psychology | |
| 250 | _a\\197400ENGGPCX | ||
| 260 | _aPrentice Hall | ||
| 260 | _b1974 | ||
| 260 | _cEnglewood Cliffs | ||
| 300 | _axxi+676p | ||
| 500 | _aincludes index and biblioraphy | ||
| 942 | _cBK | ||
| 999 |
_c50061 _d50061 |
||